Germany's Next Topmodel - Gewinnerinnen - Statistiken

Allgemein
  • Dieses Quiz wurde 319 mal gespielt
    117 seit der letzten Aktualisierung
  • Das Durchschnittsergebnis liegt bei 7 aus 18
Antwortstatistiken
Staffel Jahr Antwort % Korrekt
1 2006 Lena Gercke
88%
9 2014 Stefanie Giesinger
73%
2 2007 Barbara Meier
67%
4 2009 Sara Nuru
59%
11 2016 Kim Hnizdo
46%
12 2017 Céline Bethmann
45%
10 2015 Vanessa Fuchs
41%
8 2013 Lovelyn Enebechi
39%
7 2012 Luisa Hartema
39%
6 2011 Jana Beller
37%
13 2018 Toni Dreher-Adenuga
35%
3 2008 Jennifer Hof
34%
5 2010 Alisar Ailabouni
30%
14 2019 Simone Kowalski
27%
16 2021 Alex Mariah Peter
26%
15 2020 Jacqueline Wruck
9%
17 2022 Lou-Anne Gleissenebner
7%
18 2023 Vivien Blotzki
6%
Keine übereinstimmenden Quizze gefunden
Verteilung der Resultate
Anzahl Personen mit jedem Resultat
Perzentil nach korrekt beantworteten Fragen
Ihre Resultats-Entwicklung
Sie haben dieses Quiz seit der letzten Aktualisierung nicht gespielt